000 00645nam a2200241Ia 4500
003 OSt
005 20220928130111.0
006 a|||||r|||| 00| 0
007 ta
008 220927b |||||||| |||| 00| 0 eng d
024 _a69508
037 _cTextual
040 _aSDCL
_cSDCL
_beng
041 _2eng
_aeng
082 _aO-,3M98w, N7
100 _aReynolds Michael
_9472748
245 0 _aHemingway
_b The1930s.
260 _aNew York
_b W W Norton
_c1997
300 _axx,360p
_ccm.
650 _aHemingway Ernest-biography
_9472749
942 _hO-,3M98w, N7
_cTEXL
_2CC
999 _c785296
_d785296